000 00295nam a22001337a 4500
008 181022b xxu||||| |||| 00| 0 eng d
020 _a9780030237621
041 _aeng
080 _a541
100 _a12
101 _aKIM
245 _aChemistry & Chemical Reactivity
_cKotz
942 _2udc
_cBK
999 _c50492
_d50492